000 00883nam a22002777a 4500
003 OSt
005 20250916191738.0
008 250916b |||||||| |||| 00| 0 sp d
020 _a9788498389074
040 _agtgcusch
_bspa
_cgtgcusch
_dgtgcusch
_eRDA
082 _aHMT 810 A887c:2
100 1 0 _aAtwood, Margaret
_915877
245 _aEl cuento de la criada /
_cMargaret Atwood ; traducción del inglés de Elsa Mateo Blanco. --
250 _a2 ed. --
260 _aBarcelona :
_bSalamandra,
_c2021
300 _a412 p. ;
_c23 cm.
336 _2rdacontenido
_atexto
_btxt
337 _2rdamedio
_asin mediación
_bn
338 _2rdasoporte
_avolumen
_bnc
490 _aNarrativa
500 _aTítulo original: The handmaid's tale
650 _aNovela canadiense
_915878
650 _aLiteratura canadiense
_915879
942 _2ddc
_cBK
_kHMT 810 A887c
_n0
999 _c7163
_d7163